[Event "36th Zalakaros Festival 2017"]
[Site "Zalakaros"]
[Date "2017.05.22"]
[Round "5"]
[White "Gara, Ticia"]
[Black "Rakesh Kumar Jena"]
[Result "1-0"]
[WhiteElo "2329"]
[BlackElo "2288"]
[Annotator "NA"]
[PlyCount "79"]
[EventDate "2017.??.??"]
[EventType "swiss"]
[EventCountry "HUN"]
[SourceTitle "playchess.com"]
[Source "ChessBase"]
[SourceQuality "1"]
[TimeControl "40/5400+30:1800+30"]

1. Nf3 {[%emt 0:00:58]} c5 {[%emt 0:00:46]} 2. c4 {[%emt 0:00:39]} Nf6 {[%emt 0:00:07]} 3. Nc3 {[%emt 0:01:17]} Nc6 {[%emt 0:00:06]} 4. g3 {[%emt 0:00:54]} g6 {[%emt 0:00:06]} 5. Bg2 {[%emt 0:00:21]} Bg7 {[%emt 0:00:07]} 6. O-O {[%emt 0:00:16]} O-O {[%emt 0:00:06]} 7. d4 {[%emt 0:00:24]} cxd4 {[%emt 0:00:06]} 8. Nxd4 {[%emt 0:00:05]} Nxd4 {[%emt 0:00:03]} 9. Qxd4 {[%emt 0:00:07]} d6 {[%emt 0:00:03]} 10. Qd3 {[%emt 0:00:58]} Bf5 {[%emt 0:00:06]} 11. e4 {[%emt 0:00:49]} Be6 {[%emt 0:00:05]} 12. b3 {[%emt 0:01:08]} Nd7 {[%emt 0:01:15]} 13. Bd2 {[%emt 0:00:37]} a5 {[%emt 0:00:22]} 14. Rac1 {[%emt 0:00:53]} Ne5 {[%emt 0:17:27]} 15. Qe2 {[%emt 0:04:08]} f5 {[%emt 0:01:57]} 16. f4 {[%emt 0:08:03]} Nc6 {[%emt 0:00:13]} 17. Kh1 $16 {[%emt 0:13:10]} Kh8 {[%emt 0:04:33]} 18. Rfe1 {[%emt 0:01:42]} fxe4 {[%emt 0:02:40]} 19. Nxe4 {[%emt 0:03:45]} Bf5 {[%emt 0:03:42]} 20. Bc3 {[%emt 0:10:11]} e5 {[%emt 0:02:37]} 21. Rcd1 {[%emt 0:13:29]} Nd4 {[%emt 0:01:24]} 22. Bxd4 {[%emt 0:03:56]} exd4 {[%emt 0:01:18]} 23. Ng5 {[%emt 0:03:29]} Qd7 {[%emt 0:15:00]} 24. Qe7 {[%emt 0:03:07]} Qxe7 {[%emt 0:00:37]} 25. Rxe7 {[%emt 0:00:04]} Bc2 {[%emt 0:00:04]} 26. Rd2 {[%emt 0:07:21]} d3 {[%emt 0:00:07]} 27. Be4 {[%emt 0:06:59]} a4 {[%emt 0:04:28]} 28. Bxd3 {[%emt 0:04:40]} axb3 {[%emt 0:00:41]} 29. axb3 {[%emt 0:00:28]} Bxb3 {[%emt 0:00:27]} 30. Rxb7 {[%emt 0:02:07]} Ra1+ {[%emt 0:04:56]} 31. Kg2 {[%emt 0:00:03]} Ba4 {[%emt 0:00:03]} 32. Be4 {[%emt 0:00:44]} h6 {[%emt 0:05:25]} 33. Rxg7 {[%emt 0:04:25]} hxg5 {[%emt 0:00:48]} 34. Rxg6 {[%emt 0:00:30]} gxf4 {[%emt 0:00:09]} 35. Rh6+ {[%emt 0:02:27]} Kg7 {[%emt 0:00:08]} 36. Rg6+ {[%emt 0:00:10]} Kf7 {[%emt 0:05:37]} 37. Rgxd6 {[%emt 0:00:57]} Re1 {[%emt 0:01:16]} 38. Bf3 {[%emt 0:00:57]} Ke7 {[%emt 0:00:41]} 39. g4 {[%emt 0:00:50]} Rc1 {[%emt 0:00:38]} 40. R6d4 {[%emt 0:00:00]} 1-0

[Event "36th Zalakaros Festival 2017"]
[Site "Zalakaros"]
[Date "2017.05.22"]
[Round "5"]
[White "Cebalo, Miso"]
[Black "Farago, Ivan"]
[Result "0-1"]
[WhiteElo "2320"]
[BlackElo "2411"]
[Annotator "TA"]
[PlyCount "72"]
[EventDate "2017.??.??"]
[EventType "swiss"]
[EventCountry "HUN"]
[SourceTitle "playchess.com"]
[Source "ChessBase"]
[SourceQuality "1"]

{[%evp 14,72,11,-2,3,-22,-12,-8,-7,-16,-9,-39,-43,-39,-45,-45,-50,-60,-58,-60,-66,-171,-166,-124,-120,-97,-83,-111,-80,-151,-125,-125,-120,-116,-116,-131,-117,-126,-118,-124,-134,-147,-143,-155,-154,-145,-131,-140,-106,-138,-139,-151,-162,-157,-160,-187,-202,-619,-162,-619,-614]} 1. Nf3 Nf6 2. c4 c5 3. Nc3 Nc6 4. g3 d5 5. cxd5 Nxd5 6. Nxd5 Qxd5 7. Bg2 e5 8. d3 {LiveBook: 31 Games} Bg4 {A34: Symmetrical English: 2 Nc3, lines with ...d5} (8... Be7 9. O-O O-O 10. Be3 Qe6 11. Qc2 Nd4 12. Nxd4 cxd4 13. Bd2 Bd7 14. Rfc1 Rfc8 15. Qb3 Qxb3 16. axb3 Bc6 17. Bxc6 Rxc6 18. Rxc6 bxc6 {½-½ (26) Kveinys,A (2511)-Sulskis,S (2549) Kaunas 2015}) 9. O-O Qd7 10. Be3 Rc8 {The position is equal.} 11. Rc1 b6 12. b4 $146 {[%cal Rb4c5]} ({Predecessor:} 12. Qa4 Bd6 13. Rfe1 O-O 14. Nd2 f5 15. f3 Bh5 16. Bh3 {1-0 (40) Birke,M (2275)-Zimber,A Wuerttemberg 1991}) 12... Bxf3 13. Bxf3 {[%cal Rb4c5]} Nxb4 14. Qb3 Be7 15. a3 Nc6 16. Bd5 O-O 17. f4 {[#]} (17. a4 $15) 17... exf4 $1 $19 18. Bxf4 Nd4 19. Qa2 Bf6 {White must now prevent ...Nxe2+!} 20. e4 Rce8 21. Rf2 (21. Bc4 $142) 21... Ne6 $36 {[%mdl 2048] Strongly threatening ...Bd4. Black is really pushing.} 22. Be3 Bd4 23. Bxd4 Nxd4 24. Rcf1 Re7 25. Kg2 Nc6 26. Qc4 Ne5 27. Qc3 Kh8 28. d4 cxd4 29. Qxd4 f6 30. Rc1 Qd6 31. a4 Rc7 32. Rfc2 Rxc2+ 33. Rxc2 {[#]} Qa3 $1 34. Kh3 Qf3 35. Be6 $2 (35. Qf2 Qh1 36. Qg2) 35... Qh5+ 36. Kg2 {[#]} Qxh2+ $1 {[%mdl 512] Precision: White = 26%, Black = 86%.} 0-1

[Event "36th Zalakaros Festival 2017"]
[Site "Zalakaros"]
[Date "2017.05.22"]
[Round "5"]
[White "Tate, Alan"]
[Black "Frolov, Artur"]
[Result "1/2-1/2"]
[WhiteElo "2320"]
[BlackElo "2410"]
[Annotator "TA"]
[PlyCount "123"]
[EventDate "2017.??.??"]
[EventType "swiss"]
[EventCountry "HUN"]
[SourceTitle "playchess.com"]
[Source "ChessBase"]
[SourceQuality "1"]

{[%evp 10,123,24,15,25,17,29,26,25,21,30,1,8,0,5,-19,5,6,5,2,6,-36,-24,-37,-20,-110,0,0,4,0,0,0,0,-49,-45,-47,-31,-56,-54,-47,-45,-66,0,-31,-30,-132,-131,-129,-129,-124,-71,-68,-86,-93,-94,-78,-80,-131,-126,-136,-132,-115,0,0,0,0,0,0,6,0,0,0,0,-41,-35,-58,-53,-140,-70,-62,-62,-50,0,0,0,0,58,0,0,5,10,0,0,0,0,0,0,0,0,-5,0,0,0,0,0,0,360,0,0,0,0,0,0,0,0,0]} 1. e4 e5 2. Nf3 Nc6 3. Bc4 Bc5 4. O-O Nf6 5. d3 d6 6. a4 a6 {C50: Hungarian Defence and Giuoco Pianissimo} 7. c3 Ba7 8. Na3 Ne7 {White has an edge.} (8... h6 9. Nc2 O-O 10. Be3 Bxe3 11. Nxe3 Be6 12. Bxe6 fxe6 13. a5 d5 14. Qb3 Qd6 15. exd5 exd5 {½-½ (42) Adams,M (2761)-Eljanov,P (2751) Shamkir 2017}) 9. Nc2 c6 10. Re1 O-O 11. Ba2 Ng6 12. d4 $146 (12. a5 $5) ({Predecessor:} 12. Be3 Bxe3 13. Nxe3 Be6 {0-1 (39) Samani,Y (2139)-Istratescu,A (2582) Arad 2016}) 12... h6 13. dxe5 dxe5 14. Qxd8 Rxd8 15. Be3 Bg4 $1 16. Bxa7 {Threatens to win with Bb6.} Rxa7 17. Re3 {[#]} (17. Red1 $11 Raa8 18. Rxd8+ Rxd8 19. Nfe1) 17... Raa8 (17... Bxf3 $1 $17 18. Rxf3 Rd2) 18. Nce1 $11 Rd6 19. a5 Rad8 20. Bb3 c5 21. Kf1 (21. h3 $5 {[%cal Rh3g4]} Bc8 22. Bc4 $11) 21... Bd7 22. h3 Bb5+ 23. Kg1 Bc6 24. Bc2 c4 25. g3 Kf8 ({Black should play} 25... Nd7 $15) 26. Nh2 Nd7 27. Rd1 (27. Nf1 $11) 27... Rxd1 $17 28. Bxd1 Nc5 $36 {[%mdl 2048] Black is on the roll.} 29. Bc2 Na4 ({Better is} 29... Bd7 30. h4 Ne7) 30. Bxa4 Bxa4 31. Nef3 Rd1+ 32. Nf1 Rb1 33. Re2 (33. N3d2 $142 Rxb2 34. Nxc4) 33... f6 34. Rd2 Bc6 35. Re2 f5 (35... Kf7 $17 36. Kg2 Ne7) 36. N3d2 $11 Rxb2 37. exf5 Ne7 38. Rxe5 Bd5 39. Ne4 Rb5 {White must now prevent ...Nc6.} 40. Nd6 Rxa5 41. Nxc4 (41. Nxb7 $5 Ra1 42. Nc5 $11) 41... Ra1 42. Nb6 Bc6 {[%mdl 1024] Black has compensation.} 43. c4 (43. g4 $15) 43... Rb1 $17 44. Na8 $1 Bd7 45. g4 b5 {...b4 is the strong threat.} (45... Nc6 $5 {[%cal Rc6e5]} 46. Rd5 Be8 $15) 46. Nc7 bxc4 47. Rc5 Bb5 (47... g6 $11) 48. Kg2 (48. f3 $14) 48... Bc6+ $11 49. f3 $1 {[#]} Bxf3+ $1 {[%mdl 512]} 50. Kxf3 Rxf1+ {[%mdl 4096] Endgame KRN-KRN} 51. Ke4 Re1+ 52. Kd4 Rh1 53. Ne6+ Kf7 54. Rc7 Rxh3 55. Nf4 Rh1 56. Ng6 Re1 57. Ra7 {aiming for Ne5+.} a5 $2 {[%mdl 8192]} (57... Kf6 $11 {and Black has nothing to worry.} 58. Kxc4 Nc8 59. Rxa6+ Kg5) 58. Kxc4 $2 ({White has to play} 58. Ne5+ $18 Kf6 59. Ra6+ (59. Rxa5 Kg5 $15) 59... Kg5 60. Nf3+ Kxg4 61. Nxe1 Nxf5+ 62. Ke5) 58... Kf6 {The position is equal.} 59. Rxa5 Kg5 60. Ra7 Nxg6 61. Rxg7 Kxg4 62. Rxg6+ {Precision: White = 46%, Black = 51%.} ({Reject} 62. fxg6 Kf5 $17) 1/2-1/2

[Event "36th Zalakaros Festival 2017"]
[Site "Zalakaros"]
[Date "2017.05.22"]
[Round "5"]
[White "Pacan-Milej, Kosma"]
[Black "Szukics, Adam"]
[Result "1/2-1/2"]
[WhiteElo "2317"]
[BlackElo "2229"]
[Annotator "TA"]
[PlyCount "90"]
[EventDate "2017.??.??"]
[EventType "swiss"]
[EventCountry "HUN"]
[SourceTitle "playchess.com"]
[Source "ChessBase"]
[SourceQuality "1"]

{[%evp 20,90,9,16,30,0,0,0,0,1,0,-7,0,-7,0,0,9,0,6,0,13,0,23,26,33,15,33,12,43,10,22,12,35,45,64,64,60,62,78,63,63,58,59,36,34,39,54,-10,0,0,0,0,0,0,0,-15,-15,-17,-18,-18,-18,-51,-27,-58,-27,-28,0,-14,-8,-47,0,-43,0]} 1. d4 Nf6 2. c4 e6 3. Nf3 d5 4. Nc3 dxc4 5. e3 a6 6. a4 c5 7. Bxc4 Nc6 8. O-O Be7 9. dxc5 Qxd1 10. Rxd1 Bxc5 11. Bd2 O-O {D27: Queen's Gambit Accepted: Classical main line: 7 e4!? and 7 a4} (11... Bd7 12. Bd3 O-O 13. Ne4 Be7 14. Rac1 Rfd8 15. Nc5 Be8 16. Be2 Rd5 17. Nb3 Rad8 18. Be1 Rxd1 19. Rxd1 Rxd1 20. Bxd1 {½-½ (37) Anand,V (2817)-Kramnik,V (2785) Monte Carlo 2011}) 12. Bd3 $146 ({Predecessor:} 12. Ng5 Be7 13. Nge4 Rd8 14. Rab1 Nxe4 15. Nxe4 e5 16. Rbc1 Bf5 17. Ng3 Bd3 18. Bxd3 Rxd3 19. Bc3 {½-½ (67) Harikrishna,P (2659)-Kulaots,K (2556) Beijing 2008}) 12... Rd8 13. Ne4 Be7 {[%cal Bc5e7,Be7f6,Bf6e5,Be5c7][%mdl 32] The position is equal.} 14. Be1 Bd7 {[%cal Bc8d7,Bd7e8,Be8c6][%mdl 32]} 15. Rac1 Be8 16. Nxf6+ Bxf6 17. b3 Ne7 18. Kf1 Bc6 19. Ke2 h6 20. g3 (20. Ba5 $5 {[%cal Ra5d8]} Rd7 21. Rd2 $11) 20... Rac8 {[#] ...Bxf3+ is the strong threat.} 21. Nd2 Be5 22. Nc4 Bc7 $1 23. e4 f6 24. f3 Kf7 25. Na5 Bb6 26. Bb4 Bxa5 27. Bxa5 Rd7 28. Bb6 Ra8 29. Ke3 g5 30. Be2 Rc8 31. Rd2 Rxd2 32. Kxd2 f5 33. Ke3 ({White should play} 33. Bd3 $14) 33... fxe4 34. fxe4 Bxe4 35. Rxc8 $1 Nxc8 36. Kxe4 Nxb6 $11 {[%mdl 4096] Endgame KB-KN} 37. Bf3 {And now Kd4 would win.} (37. Kd4 $5 {[%cal Re2f3]}) 37... Nd7 $1 38. Kd4 b6 $1 39. b4 Ke7 40. Bb7 Nb8 41. Kc4 Kd6 42. Bc8 e5 43. Bb7 Kc7 44. Be4 Kd6 45. Bb7 Kc7 {Precision: White = 36%, Black = 44%.} 1/2-1/2

[Event "36th Zalakaros Festival 2017"]
[Site "Zalakaros"]
[Date "2017.05.22"]
[Round "5"]
[White "Rajdeep Sarkar"]
[Black "Havanecz, Bianka"]
[Result "1-0"]
[WhiteElo "2312"]
[BlackElo "2210"]
[Annotator "TA"]
[PlyCount "131"]
[EventDate "2017.??.??"]
[EventType "swiss"]
[EventCountry "HUN"]
[SourceTitle "playchess.com"]
[Source "ChessBase"]
[SourceQuality "1"]

{[%evp 13,131,20,15,15,13,-8,42,0,27,30,81,-24,83,16,47,43,39,28,39,31,33,8,30,4,30,29,29,8,8,10,4,11,23,22,24,5,14,4,3,7,7,0,9,0,18,0,0,0,0,0,0,-35,14,14,8,9,13,18,39,43,53,53,54,48,48,57,109,109,109,109,109,109,109,109,109,109,109,109,109,109,292,291,291,291,292,292,292,292,292,292,292,292,292,292,292,292,285,270,263,230,6079,6079,5739,5704,4627,5242,4618,4564,1877,1506,1344,1297,2695,2451,29974,29975,29973,29974,29969,29969]} 1. Nf3 d5 2. g3 c6 3. Bg2 Bg4 4. d4 Nf6 5. O-O e6 6. Nbd2 Be7 {D02: 1 d4 d5 2 Nf3 sidelines, including 2...Nf6 3 g3 and 2...Nf6 3 Bf4} 7. Re1 O-O {LiveBook: 58 Games} 8. e4 a5 {The position is equal.} 9. c3 (9. h3 $5 {[%cal Rh3g4]} Bh5 10. a4 $11) 9... b5 $146 ({Predecessor:} 9... a4 10. a3 Bh5 11. e5 Nfd7 12. h3 b5 13. Nf1 c5 14. dxc5 Nxc5 {½-½ (41) Mamedyarov,S (2726)-Morozevich,A (2770) Astana 2012}) 10. Qc2 (10. h3 $5 {[%cal Rh3g4]} Bh5 11. g4 $11) 10... Bh5 11. Ne5 Nfd7 (11... a4 $11) 12. f4 (12. Nd3 $16) 12... Ra7 (12... Nxe5 $11 13. fxe5 a4) 13. h3 (13. Ndf3 $16) 13... f6 14. Nd3 Bf7 15. g4 c5 16. exd5 exd5 17. f5 Bd6 18. Nf3 Qc7 (18... Bg3 {seems wilder.} 19. Re2 c4 20. Nf4 Nb6 21. Bf1 Qd6) 19. dxc5 Nxc5 20. Nxc5 Bxc5+ 21. Be3 Bxe3+ 22. Rxe3 Qc5 23. Qf2 Nc6 24. Rd1 (24. Rd3 $5 {[%cal Rf2c5]} Qxf2+ 25. Kxf2 $14) 24... b4 25. Red3 Qxf2+ 26. Kxf2 g6 27. Re3 Rb8 28. Rd2 a4 29. cxb4 Rxb4 30. Rc3 Na5 31. Nd4 Nc4 32. Nc6 {And now fxg6 would win.} (32. a3 $5 {[%cal Ra3b4]}) 32... Nxd2 (32... Rxb2 {with more complications.} 33. Rxb2 Nxb2 34. Rc2 Rc7 35. Rxb2 Rxc6 36. Ke3 gxf5 37. Rb8+ Kg7) 33. Nxb4 {Threatens to win with fxg6.} Ne4+ 34. Bxe4 $1 dxe4 $11 {[%mdl 4096] Endgame KRB-KRN} 35. Ke3 Rb7 36. a3 Re7 37. Rc8+ Kg7 38. Nc6 Rb7 39. Nd8 Re7 ({Black should try} 39... Rb3+ $14 40. Kxe4 gxf5+ 41. gxf5 (41. Kxf5 Rb5+ 42. Kf4 Bd5 $14) 41... Kf8) 40. Nxf7 $16 Rxf7 {[#] KR-KR} 41. Rc4 $1 {[%cal Rc4a4]} Ra7 42. Kxe4 Ra5 43. fxg6 Kxg6 44. Kf4 h5 45. h4 hxg4 46. Kxg4 f5+ $2 (46... Kh6 $16 {was necessary.} 47. Rf4 Kg6) 47. Kg3 Kh5 48. Rb4 Kg6 49. Kf4 Kh5 50. Rb8 Kg6 51. Rg8+ Kf7 52. Rg5 Kf6 53. h5 {[%cal Bh4h5,Bh5h6,Bh6h7][%mdl 32]} Rb5 54. Rg6+ Kf7 55. Rg2 Kf6 56. h6 {Intending h7 and mate.} Rc5 $2 (56... Rb7 57. Rh2 Rh7) 57. Rh2 $18 Rc4+ 58. Kf3 Rc8 59. h7 Rh8 60. Kf4 Kg6 61. Rh4 Kf6 62. Rh6+ Kg7 63. Kg5 f4 64. Rg6+ {White mates.} Kf7 {[#]} 65. Kh6 $1 f3 66. Rg3 {Precision: White = 61%, Black = 36%.} 1-0

[Event "36th Zalakaros Festival 2017"]
[Site "Zalakaros"]
[Date "2017.05.22"]
[Round "5"]
[White "Krykun, Yuriy"]
[Black "Studer, Noel"]
[Result "1/2-1/2"]
[WhiteElo "2308"]
[BlackElo "2498"]
[Annotator "TA"]
[PlyCount "64"]
[EventDate "2017.??.??"]
[EventType "swiss"]
[EventCountry "HUN"]
[SourceTitle "playchess.com"]
[Source "ChessBase"]
[SourceQuality "1"]

{[%evp 17,64,24,31,19,26,28,40,47,85,49,35,19,26,13,45,0,0,0,0,-8,0,0,7,0,0,0,23,22,32,31,0,0,7,0,83,83,76,73,191,129,212,219,214,203,184,124,203,189,203]} 1. e4 c6 2. d4 d5 3. e5 Bf5 4. Nf3 e6 5. Be2 Nd7 6. O-O h6 7. Nbd2 {[%cal Bb1d2,Bd2b3,Bb3c5][%mdl 32]} Ne7 {B12: Caro-Kann: Advance Variation} 8. c3 g5 (8... a5 9. Re1 a4 10. Nf1 Bg6 11. Bf4 c5 12. c4 Nb6 13. dxc5 Nxc4 14. b3 Na3 15. Rc1 Nc6 16. bxa4 {0-1 (48) Zhigalko,S (2639)-Najer,E (2679) Poikovsky 2017}) 9. Nb3 Qc7 {LiveBook: 4 Games. White has an edge.} 10. Be3 Bg7 11. Ne1 O-O-O 12. Nd3 $146 ({Predecessor:} 12. f4 f6 13. exf6 Bxf6 14. Nd3 Rdg8 15. Nbc5 Nxc5 16. Nxc5 {½-½ (25) Osmak,I (2246)-Muzychuk,A (2545) Lvov 2014}) 12... f6 {[%cal Rf6e5]} 13. exf6 Bxf6 {[%cal Bg7f6,Bf6e7,Be7d6][%mdl 32]} 14. Nbc5 Bxd3 $1 15. Nxd3 Nf5 16. Bh5 Be7 17. Re1 Bd6 18. h3 Rdf8 19. Bd2 Rf6 20. a4 {[%cal Ba2a4,Ba4a5][%mdl 32]} Kb8 21. a5 e5 22. dxe5 Nxe5 23. Nxe5 Bxe5 24. Qe2 Bh2+ 25. Kh1 {[#] Hoping for Qe8+!} Ng7 (25... a6 $11 {remains equal.}) 26. Bf3 $36 {[%mdl 2048] Keeping Black busy.} Bd6 27. c4 Rhf8 (27... Nf5 $16) 28. cxd5 $18 Rxf3 (28... Qc8 $16 29. Bg4 Qc7) 29. gxf3 Qd7 30. Kg2 cxd5 31. Bc3 (31. a6 $18) 31... Nh5 (31... Re8 $16 32. Qd3 Ne6 33. Rxe6 Qxe6) 32. Be5 Bxe5 {Precision: White = 74%, Black = 47%.} 1/2-1/2

[Event "36th Zalakaros Festival 2017"]
[Site "Zalakaros"]
[Date "2017.05.22"]
[Round "5"]
[White "Rahul Srivatshav P"]
[Black "Juhasz, Armin"]
[Result "1/2-1/2"]
[WhiteElo "2303"]
[BlackElo "2410"]
[Annotator "TA"]
[PlyCount "46"]
[EventDate "2017.??.??"]
[EventType "swiss"]
[EventCountry "HUN"]
[SourceTitle "playchess.com"]
[Source "ChessBase"]
[SourceQuality "1"]

{[%evp 9,46,-36,-35,-43,-41,-60,-58,-50,8,9,26,0,0,-68,-49,-54,-69,-108,-109,-97,-106,-105,-103,-129,-134,-137,-144,-115,-105,-106,-41,-52,0,0,0,0,0,0,24]} 1. d4 Nf6 2. c4 e6 3. Nc3 Bb4 4. e3 d5 5. Nge2 dxc4 (5... O-O 6. a3 Bd6 7. Ng3 c6 8. Bd2 e5 9. dxe5 Bxe5 10. Be2 dxc4 11. Bxc4 Ng4 12. Qe2 Qh4 13. Nge4 Bf5 14. g3 Qe7 15. h3 Bxc3 16. Bxc3 {1-0 (44) Navara,D (2702)-Cornette,M (2562) Mulhouse 2011}) 6. a3 {E40: Nimzo-Indian: Rubinstein (4 e3): Unusual Black 4th moves} Ba5 7. Ng3 b5 8. a4 $146 {Black is slightly better.} ({Predecessor:} 8. Bd2 a6 9. Be2 Bb7 10. O-O O-O 11. a4 c6 12. Bf3 Nbd7 13. axb5 axb5 14. Nxb5 Bxd2 15. Qxd2 {½-½ (27) Praveen Kumar,C (2391)-Sundararajan,K (2520) Mumbai 2010}) 8... b4 (8... a6 $15 9. Be2 Nd5) 9. Nce4 $11 Bb7 10. Nxf6+ (10. Nc5 $5 {[%cal Rc5b7]} Bc6 11. Bxc4 $14) 10... Qxf6 11. f3 ({White should try} 11. Bxc4 $11 Nd7 12. Qh5) 11... O-O (11... c5 $5 12. Bxc4 cxd4 $11) 12. Bxc4 c5 $36 {[%mdl 2048] White is under pressure.} 13. dxc5 Rd8 14. Qe2 {[#]} b3+ $1 15. Kf2 Nd7 16. Rf1 Nxc5 17. Kg1 Rac8 18. Kh1 Qh4 19. e4 {[#]} Bc7 (19... Rd4 $1 $17 {Threatens to win with ...Bc7.} 20. Bb5 Bc7) 20. Kg1 $15 Bxg3 (20... Be5 $15 21. Be3 Qf6) 21. hxg3 $11 {The position is equal.} Qxg3 22. Be3 Qe5 23. Rfc1 h6 {Precision: White = 56%, Black = 49%.} 1/2-1/2

[Event "36th Zalakaros Festival 2017"]
[Site "Zalakaros"]
[Date "2017.05.22"]
[Round "5"]
[White "Szabo, Marton Mihaly"]
[Black "Sankalp Gupta"]
[Result "1-0"]
[WhiteElo "2298"]
[BlackElo "2269"]
[Annotator "ChessBase"]
[PlyCount "89"]
[EventDate "2017.??.??"]
[EventType "swiss"]
[EventCountry "HUN"]
[SourceTitle "playchess.com"]
[Source "ChessBase"]
[SourceQuality "1"]
[TimeControl "40/5400+30:1800+30"]

1. e4 {[%emt 0:00:02]} c5 {[%emt 0:03:24]} 2. Nf3 {[%emt 0:00:18]} Nc6 {[%emt 0:00:02]} 3. Bb5 {[%emt 0:00:30]} g6 {[%emt 0:00:01]} 4. Bxc6 {[%emt 0:00:39]} dxc6 {[%emt 0:00:02]} 5. d3 {[%emt 0:00:37]} Bg7 {[%emt 0:00:03]} 6. h3 {[%emt 0:00:28]} Nf6 {[%emt 0:00:06]} 7. Nc3 {[%emt 0:00:36]} O-O {[%emt 0:00:12]} 8. O-O {[%emt 0:00:38]} Nd7 {[%emt 0:01:33]} 9. Be3 {[%emt 0:01:31]} e5 {[%emt 0:00:32]} 10. Qd2 {[%emt 0:01:24]} Re8 {[%emt 0:00:50]} 11. Bh6 {[%emt 0:02:02]} Nf8 {[%emt 0:03:38]} 12. a4 {[%emt 0:09:27]} a5 {[%emt 0:02:09]} 13. Bxg7 {[%emt 0:08:32]} Kxg7 14. Ne2 {[%emt 0:04:33]} b6 {[%emt 0:07:04]} 15. Rad1 {[%emt 0:00:30]} Qd6 {[%emt 0:09:05]} 16. Nh2 {[%emt 0:09:56]} Ne6 {[%emt 0:08:42]} 17. c3 {[%emt 0:13:19]} h5 {[%emt 0:10:59]} 18. f4 {[%emt 0:09:49]} exf4 {[%emt 0:00:39]} 19. Nxf4 {[%emt 0:00:57]} Ra7 {[%emt 0:14:08]} 20. Nxe6+ {[%emt 0:13:29]} Bxe6 {[%emt 0:00:05]} 21. Nf3 {[%emt 0:03:15]} Rd7 {[%emt 0:15:03]} 22. Qf2 {[%emt 0:07:30]} Red8 {[%emt 0:08:46]} 23. e5 {[%emt 0:07:20]} Qe7 {[%emt 0:01:31]} 24. Qe3 {[%emt 0:01:27]} Bc4 {[%emt 0:02:56]} 25. Ng5 {[%emt 0:02:56]} Rxd3 {[%emt 0:02:16]} 26. Rxd3 {[%emt 0:00:20]} Rxd3 {[%emt 0:00:02]} 27. Qf4 {[%emt 0:00:42]} Rd5 {[%emt 0:05:00]} 28. Re1 {[%emt 0:00:35]} b5 {[%emt 0:01:46]} 29. h4 {[%emt 0:00:18]} Bd3 {[%emt 0:01:27]} 30. e6 {[%emt 0:00:34]} f6 {[%emt 0:00:55]} 31. Nf7 {[%emt 0:00:21]} g5 {[%emt 0:00:59]} 32. hxg5 {[%emt 0:00:38]} fxg5 {[%emt 0:01:42]} 33. Qb8 {[%emt 0:00:30]} h4 {[%emt 0:00:48]} 34. Qh8+ {[%emt 0:00:15]} Kg6 {[%emt 0:00:01]} 35. Qh6+ {[%emt 0:00:05]} Kf5 {[%emt 0:00:04]} 36. Qg7 {[%emt 0:01:15]} Kf4 {[%emt 0:01:02]} 37. Re5 {[%emt 0:00:37]} Be4 {[%emt 0:00:54]} 38. Rxd5 {[%emt 0:00:31]} Bxd5 {[%emt 0:00:30]} 39. Qe5+ {[%emt 0:00:29]} Kg4 {[%emt 0:00:01]} 40. Nh6+ {[%emt 0:00:00]} Kh5 {[%emt 0:00:02]} 41. Nf5 {[%emt 0:00:46]} Qh7 {[%emt 0:02:48]} 42. e7 {[%emt 0:01:51]} Bf7 {[%emt 0:00:07]} 43. e8=Q {[%emt 0:00:39]} Bxe8 {[%emt 0:00:08]} 44. Qxe8+ {[%emt 0:00:10]} Kg4 {[%emt 0:01:10]} 45. Qe2+ {[%emt 0:00:27]} 1-0

[Event "36th Zalakaros Festival 2017"]
[Site "Zalakaros"]
[Date "2017.05.22"]
[Round "5"]
[White "Gazik, Igor"]
[Black "Karacsonyi, Gellert"]
[Result "1-0"]
[WhiteElo "2292"]
[BlackElo "2189"]
[Annotator "NA"]
[PlyCount "67"]
[EventDate "2017.??.??"]
[EventType "swiss"]
[EventCountry "HUN"]
[SourceTitle "playchess.com"]
[Source "ChessBase"]
[SourceQuality "1"]
[TimeControl "40/5400+30:1800+30"]

1. e4 {[%emt 0:00:32]} c5 {[%emt 0:00:43]} 2. Nf3 {[%emt 0:00:54]} Nc6 {[%emt 0:00:12]} 3. Nc3 {[%emt 0:00:32]} g6 {[%emt 0:00:15]} 4. g3 {[%emt 0:00:37]} Bg7 {[%emt 0:01:37]} 5. Bg2 {[%emt 0:00:07]} d6 {[%emt 0:00:25]} 6. d3 {[%emt 0:00:06]} e6 {[%emt 0:00:15]} 7. Be3 {[%emt 0:00:24]} Nge7 {[%emt 0:05:31]} 8. d4 {[%emt 0:08:22]} Qb6 {[%emt 0:07:49]} 9. Ne2 {[%emt 0:13:36]} Qxb2 {[%emt 0:21:28]} 10. O-O {[%emt 0:02:39]} O-O {[%emt 0:06:28]} 11. Qd2 {[%emt 0:04:35]} Qa3 {[%emt 0:04:18]} 12. Rfd1 {[%emt 0:17:19]} c4 {[%emt 0:01:40]} 13. Bh6 {[%emt 0:02:15]} d5 {[%emt 0:01:50]} 14. e5 {[%emt 0:04:06]} Bd7 {[%emt 0:10:07]} 15. Re1 {[%emt 0:03:03]} Rfc8 {[%emt 0:05:01]} 16. Qf4 {[%emt 0:07:40]} Bh8 {[%emt 0:04:35]} 17. g4 {[%emt 0:04:48]} Nd8 {[%emt 0:04:27]} 18. Bg5 {[%emt 0:16:56]} Nec6 {[%emt 0:03:44]} 19. c3 {[%emt 0:02:36]} Qf8 {[%emt 0:02:16]} 20. h4 {[%emt 0:00:18]} f5 {[%emt 0:04:27]} 21. exf6 {[%emt 0:00:18]} Nf7 {[%emt 0:00:08]} 22. Qh2 {[%emt 0:05:30]} Nd6 {[%emt 0:10:20]} 23. Bh6 {[%emt 0:00:30]} Qxh6 {[%emt 0:00:49]} 24. Qxd6 {[%emt 0:00:01]} Rd8 {[%emt 0:00:30]} 25. g5 {[%emt 0:01:23]} Qf8 {[%emt 0:00:18]} 26. Qxf8+ {[%emt 0:00:14]} Kxf8 {[%emt 0:00:49]} 27. Nf4 {[%emt 0:00:05]} Kf7 {[%emt 0:00:14]} 28. Bh3 {[%emt 0:00:18]} Re8 {[%emt 0:00:56]} 29. Nxd5 {[%emt 0:00:21]} Rac8 {[%emt 0:02:21]} 30. Ne5+ {[%emt 0:01:53]} Nxe5 {[%emt 0:00:08]} 31. dxe5 {[%emt 0:00:03]} Bc6 {[%emt 0:00:45]} 32. Nf4 {[%emt 0:00:06]} Rcd8 {[%emt 0:00:20]} 33. Rad1 {[%emt 0:00:14]} Bd7 {[%emt 0:00:53]} 34. Rd4 {[%emt 0:00:16]} 1-0